000 00394nam a2200157Ia 4500
008 230512s9999 xx 000 0 und d
041 _aeng
100 _aPATIL J
245 _aNAAC BEST PRACTICES SERIES - 5 STUDENT FEEDBACK-CASE PRESENTATIONS
250 _a1
260 _bNAAC BANGALORE
300 _a53
500 _aPaper Back
520 _aReference Copy
650 _aReference Book
999 _c407164
_d407164